Countries with the Least Area per Neighbor - Statistics

General Stats
  • This quiz has been taken 14 times
  • The average score is 12 of 20
Answer Stats
# ~ Answer % Correct
234 Andorra
92%
2 Monaco
92%
0.44 Vatican City
92%
80 Liechtenstein
83%
862 Luxembourg
83%
20 Sanmarino
83%
2,226 Brunei
75%
11,000 Belize
67%
7,210 El Salvador
67%
11,100 Djibouti
58%
7,460 East Timor
58%
8,682 Eswatini
58%
5,226 Lebanon
58%
7,435 Armenia
50%
11,295 Gambia
50%
7,632 Belgium
42%
9,684 Serbia
25%
9,807 Slovakia
25%
10,484 Austria
17%
8,258 Switzerland
17%
No matching quizzes found
Score Distribution
Percent of People with Each Score
Percentile by Number Answered
Your Score History
You have not taken this quiz